Welcome to CU Library Online Public Access Catalogue (OPAC)

Introduction to architectural presentation graphics / (Record no. 288)

MARC details
000 -LEADER
fixed length control field 00693pam a2200205 a 4500
001 - CONTROL NUMBER
control field 3069915
005 - DATE AND TIME OF LATEST TRANSACTION
control field 20241028142528.0
008 - FIXED-LENGTH DATA ELEMENTS--GENERAL INFORMATION
fixed length control field 970313s1998 njua 001 0 eng
020 ## - INTERNATIONAL STANDARD BOOK NUMBER
International Standard Book Number 9780130444547
050 00 - LIBRARY OF CONGRESS CALL NUMBER
Classification number NA2714
Item number .G75 1998
082 00 - DEWEY DECIMAL CLASSIFICATION NUMBER
Classification number 720/.22/2
Edition information 21
100 1# - MAIN ENTRY--PERSONAL NAME
Personal name Griffin, Anthony W.
245 10 - TITLE STATEMENT
Title Introduction to architectural presentation graphics /
Statement of responsibility, etc. Anthony W. Griffin, Victor Alvarez-Brunicardi.
260 ## - PUBLICATION, DISTRIBUTION, ETC.
Place of publication, distribution, etc. Upper Saddle River, N.J. :
Name of publisher, distributor, etc. Prentice Hall,
Date of publication, distribution, etc. c1998.
300 ## - PHYSICAL DESCRIPTION
Extent ix, 326 p. :
Other physical details ill. ;
Dimensions 21 x 28 cm.
500 ## - GENERAL NOTE
General note Includes index.
650 #0 - SUBJECT ADDED ENTRY--TOPICAL TERM
Topical term or geographic name entry element Architecture
General subdivision Designs and plans
-- Presentation drawings.
700 2# - ADDED ENTRY--PERSONAL NAME
Personal name Alvarez-Brunicardi, Victor.
942 ## - ADDED ENTRY ELEMENTS (KOHA)
Source of classification or shelving scheme Library of Congress Classification
Koha item type Books
Suppress in OPAC No
999 ## -
-- 288
-- 288
Holdings
Withdrawn status Lost status Source of classification or shelving scheme Damaged status Not for loan Collection Home library Current library Shelving location Date acquired Total checkouts Full call number Barcode Date last seen Copy number Price effective from Koha item type
    Library of Congress Classification     Non-fiction Science Library (Miotso) Science Library (Miotso) General stacks 10/28/2024   NA2714 .G75 1998 SLM00000145 10/28/2024 1 10/28/2024 Books
    Library of Congress Classification     Non-fiction Science Library (Miotso) Science Library (Miotso) General stacks 10/28/2024   NA2714 .G75 1998 SLM00000146 10/28/2024 2 10/28/2024 Books
© 2023-2024 Copyright: Central University Libraries. All Rights Reserved | Created by: Mahone Tech Office